000 00665cab a2200217 4500
001 WB3138-62
008 090401t1995 xxu||||| |||| 00| 0 eng d
035 _a(Sirsi) u69266
041 _aeng
245 _aFalling victim to planning loophole
260 _c1995
350 _a0
490 _aFarmer`s Guardian
_v6 October 1995, 18
520 _aA pig farmer faces losing his livelihood if his landlord is successful in his application to convert the farm to two homes, under PPG7.
650 _aPLANNING POLICY GUIDANCE NOTE 7
650 _aPPG7
650 _aRURAL PLANNING
690 _aPLANNING LAW AND PRACTICE
942 _n0
948 _c04/03/1997
999 _c43503
_d43503